000 00553nam a2200181 a 4500
999 _c4959
_d4959
001 4959
003 CDMR
005 20260102135557.0
008 130130s1991||||||||||||||||||||||||||||d
040 _aCDMR
_bcat
_cCDMR
245 0 0 _aJulio Ubiña
_b: gener-febrer 1991 : Sala Arcs de la Fundació Caixa de Barcelona
260 _aBarcelona
_c1991
_bFundació Caixa Barcelona
300 _a39 p ;
_c29 cm
500 _aText en català, castellà i anglès
500 _aCatàleg d'exposició
650 0 _93679
_aFotoperiodisme
_xExposicions
942 _cMON
_2ddc